[Event "DEM U8w 2025"]
[Site "Willingen GER"]
[Date "2025.06.12"]
[Round "3"]
[White "Sydykova, Zarema"]
[Black "Caber, Marianna Maya"]
[Result "1/2-1/2"]
[Termination "normal"]
[Board "1"]
[WhiteElo "1141"]
[BlackElo "973"]
[WhiteClock "00:38:56"]
[BlackClock "00:52:08"]
[PlyCount "251"]
[BlackFideId "533024170"]
[EventCountry "GER"]
[EventRounds "7"]
[EventType "swiss"]
[EventDate "2025.06.10"]

1. e4 {[%clk 01:00:29]} {[%emt 16:41:46]} d6 {[%clk 01:00:16]} {[%emt
00:00:14]} 2. d4 {[%clk 01:00:40]} {[%emt 00:00:04]} Nf6 {[%clk 01:00:25]}
{[%emt 00:00:06]} 3. Bd3 {[%clk 01:00:49]} {[%emt 00:00:05]} g6 {[%clk
01:00:32]} {[%emt 00:00:09]} 4. Bg5 {[%clk 01:00:33]} {[%emt 00:00:30]} h5
{[%clk 01:00:24]} {[%emt 00:00:24]} 5. Nf3 {[%clk 01:00:33]} {[%emt 00:00:15]}
Bg7 {[%clk 00:59:55]} {[%emt 00:00:44]} 6. c3 {[%clk 01:00:37]} {[%emt
00:00:11]} O-O {[%clk 00:59:52]} {[%emt 00:00:18]} 7. O-O {[%clk 01:00:45]}
{[%emt 00:00:07]} Nbd7 {[%clk 00:59:54]} {[%emt 00:00:13]} 8. Nbd2 {[%clk
01:00:40]} {[%emt 00:00:20]} Re8 {[%clk 00:59:56]} {[%emt 00:00:13]} 9. Re1
{[%clk 01:00:42]} {[%emt 00:00:13]} e5 {[%clk 00:59:53]} {[%emt 00:00:18]} 10.
d5 {[%clk 01:00:42]} {[%emt 00:00:15]} Nc5 {[%clk 00:59:44]} {[%emt 00:00:23]}
11. Bc2 {[%clk 01:00:32]} {[%emt 00:00:25]} c6 {[%clk 00:59:08]} {[%emt
00:00:52]} 12. b4 {[%clk 01:00:07]} {[%emt 00:00:40]} Ncd7 {[%clk 00:59:00]}
{[%emt 00:00:23]} 13. dxc6 {[%clk 00:59:59]} {[%emt 00:00:24]} bxc6 {[%clk
00:59:02]} {[%emt 00:00:12]} 14. Nb3 {[%clk 00:59:42]} {[%emt 00:00:33]} Qc7
{[%clk 00:58:43]} {[%emt 00:00:34]} 15. Qd2 {[%clk 00:59:02]} {[%emt 00:00:54]}
Kh7 {[%clk 00:58:37]} {[%emt 00:00:20]} 16. Bxf6 {[%clk 00:58:45]} {[%emt
00:00:33]} Nxf6 {[%clk 00:58:34]} {[%emt 00:00:18]} 17. Ng5+ {[%clk 00:58:48]}
{[%emt 00:00:10]} Kg8 {[%clk 00:58:27]} {[%emt 00:00:23]} 18. Nf3 {[%clk
00:58:42]} {[%emt 00:00:21]} Bg4 {[%clk 00:58:23]} {[%emt 00:00:20]} 19. Bd1
{[%clk 00:58:39]} {[%emt 00:00:18]} Bxf3 {[%clk 00:58:07]} {[%emt 00:00:30]}
20. Bxf3 {[%clk 00:58:43]} {[%emt 00:00:11]} Rad8 {[%clk 00:58:06]} {[%emt
00:00:17]} 21. Qc2 {[%clk 00:58:21]} {[%emt 00:00:36]} d5 {[%clk 00:58:06]}
{[%emt 00:00:16]} 22. exd5 {[%clk 00:58:10]} {[%emt 00:00:26]} cxd5 {[%clk
00:58:11]} {[%emt 00:00:11]} 23. Rac1 {[%clk 00:57:07]} {[%emt 00:01:17]} e4
{[%clk 00:57:45]} {[%emt 00:00:41]} 24. Bd1 {[%clk 00:57:10]} {[%emt 00:00:11]}
Re6 {[%clk 00:57:29]} {[%emt 00:00:31]} 25. Nd4 {[%clk 00:57:04]} {[%emt
00:00:22]} Ree8 {[%clk 00:56:20]} {[%emt 00:01:23]} 26. Qd2 {[%clk 00:56:14]}
{[%emt 00:01:07]} Nd7 {[%clk 00:56:08]} {[%emt 00:00:26]} 27. Bb3 {[%clk
00:55:50]} {[%emt 00:00:39]} Ne5 {[%clk 00:55:32]} {[%emt 00:00:50]} 28. Rc2
{[%clk 00:55:10]} {[%emt 00:00:56]} Nd3 {[%clk 00:54:49]} {[%emt 00:00:58]} 29.
Rd1 {[%clk 00:54:18]} {[%emt 00:01:03]} Qf4 {[%clk 00:54:04]} {[%emt 00:01:03]}
30. Qxf4 {[%clk 00:54:08]} {[%emt 00:00:26]} Nxf4 {[%clk 00:54:10]} {[%emt
00:00:08]} 31. Kf1 {[%clk 00:53:00]} {[%emt 00:01:19]} Nd3 {[%clk 00:53:57]}
{[%emt 00:00:33]} 32. Ne2 {[%clk 00:52:22]} {[%emt 00:00:53]} d4 {[%clk
00:53:46]} {[%emt 00:00:26]} 33. a3 {[%clk 00:52:02]} {[%emt 00:00:35]} Ne5
{[%clk 00:53:03]} {[%emt 00:00:58]} 34. cxd4 {[%clk 00:51:38]} {[%emt
00:00:40]} Nd3 {[%clk 00:52:51]} {[%emt 00:00:27]} 35. Nc1 {[%clk 00:50:11]}
{[%emt 00:01:39]} Rxd4 {[%clk 00:52:34]} {[%emt 00:00:34]} 36. Nxd3 {[%clk
00:50:07]} {[%emt 00:00:19]} Rxd3 {[%clk 00:52:37]} {[%emt 00:00:12]} 37. Rxd3
{[%clk 00:49:19]} {[%emt 00:01:03]} exd3 {[%clk 00:52:40]} {[%emt 00:00:12]}
38. Rd2 {[%clk 00:48:29]} {[%emt 00:01:04]} Rd8 {[%clk 00:52:38]} {[%emt
00:00:19]} 39. Bc4 {[%clk 00:47:36]} {[%emt 00:01:06]} Bc3 {[%clk 00:52:04]}
{[%emt 00:00:50]} 40. Rxd3 {[%clk 00:47:32]} {[%emt 00:00:20]} Rxd3 {[%clk
00:52:06]} {[%emt 00:00:12]} 41. Bxd3 {[%clk 00:47:32]} {[%emt 00:00:15]} Bb2
{[%clk 00:51:59]} {[%emt 00:00:22]} 42. a4 {[%clk 00:47:39]} {[%emt 00:00:08]}
Bc3 {[%clk 00:51:55]} {[%emt 00:00:19]} 43. b5 {[%clk 00:47:43]} {[%emt
00:00:11]} Ba5 {[%clk 00:51:54]} {[%emt 00:00:16]} 44. Ke2 {[%clk 00:47:43]}
{[%emt 00:00:13]} Kf8 {[%clk 00:51:58]} {[%emt 00:00:12]} 45. f4 {[%clk
00:47:23]} {[%emt 00:00:36]} Ke7 {[%clk 00:52:01]} {[%emt 00:00:12]} 46. Kf3
{[%clk 00:47:27]} {[%emt 00:00:10]} f5 {[%clk 00:52:03]} {[%emt 00:00:14]} 47.
h3 {[%clk 00:47:15]} {[%emt 00:00:25]} h4 {[%clk 00:51:51]} {[%emt 00:00:29]}
48. Bc4 {[%clk 00:47:01]} {[%emt 00:00:28]} Kd6 {[%clk 00:51:53]} {[%emt
00:00:15]} 49. g3 {[%clk 00:46:58]} {[%emt 00:00:18]} hxg3 {[%clk 00:51:49]}
{[%emt 00:00:18]} 50. Kxg3 {[%clk 00:47:05]} {[%emt 00:00:07]} Ke7 {[%clk
00:51:55]} {[%emt 00:00:10]} 51. Kf3 {[%clk 00:47:02]} {[%emt 00:00:16]} Kf8
{[%clk 00:51:56]} {[%emt 00:00:16]} 52. Kg3 {[%clk 00:46:46]} {[%emt 00:00:21]}
Kg7 {[%clk 00:52:02]} {[%emt 00:00:19]} 53. Bf1 {[%clk 00:46:31]} {[%emt
00:00:30]} Kh6 {[%clk 00:52:07]} {[%emt 00:00:10]} 54. Kf3 {[%clk 00:46:30]}
{[%emt 00:00:14]} g5 {[%clk 00:52:07]} {[%emt 00:00:17]} 55. fxg5+ {[%clk
00:46:36]} {[%emt 00:00:09]} Kxg5 {[%clk 00:52:07]} {[%emt 00:00:15]} 56. h4+
{[%clk 00:46:19]} {[%emt 00:00:32]} Kf6 {[%clk 00:51:34]} {[%emt 00:00:49]} 57.
Be2 {[%clk 00:45:57]} {[%emt 00:00:36]} Bb6 {[%clk 00:51:37]} {[%emt 00:00:13]}
58. h5 {[%clk 00:45:39]} {[%emt 00:00:33]} Kg7 {[%clk 00:51:02]} {[%emt
00:00:50]} 59. Kf4 {[%clk 00:45:30]} {[%emt 00:00:21]} Kf6 {[%clk 00:50:51]}
{[%emt 00:00:27]} 60. Bd3 {[%clk 00:45:12]} {[%emt 00:00:33]} Kg7 {[%clk
00:50:43]} {[%emt 00:00:24]} 61. Kxf5 {[%clk 00:44:47]} {[%emt 00:00:39]} Kh6
{[%clk 00:50:06]} {[%emt 00:00:53]} 62. Kg4 {[%clk 00:44:54]} {[%emt 00:00:08]}
Ba5 {[%clk 00:50:03]} {[%emt 00:00:18]} 63. Be2 {[%clk 00:44:55]} {[%emt
00:00:13]} Bb6 {[%clk 00:50:09]} {[%emt 00:00:11]} 64. Kf5 {[%clk 00:44:58]}
{[%emt 00:00:11]} Kg7 {[%clk 00:49:54]} {[%emt 00:00:30]} 65. Ke6 {[%clk
00:45:01]} {[%emt 00:00:12]} Kf8 {[%clk 00:49:49]} {[%emt 00:00:20]} 66. Kd7
{[%clk 00:44:31]} {[%emt 00:00:45]} Kg7 {[%clk 00:49:35]} {[%emt 00:00:29]} 67.
Kc6 {[%clk 00:44:38]} {[%emt 00:00:08]} Kh6 {[%clk 00:49:26]} {[%emt 00:00:24]}
68. Kb7 {[%clk 00:44:46]} {[%emt 00:00:08]} Kg7 {[%clk 00:49:32]} {[%emt
00:00:08]} 69. a5 {[%clk 00:44:54]} {[%emt 00:00:08]} Bxa5 {[%clk 00:49:34]}
{[%emt 00:00:12]} 70. Kxa7 {[%clk 00:45:00]} {[%emt 00:00:09]} Bc7 {[%clk
00:49:23]} {[%emt 00:00:26]} 71. Kb7 {[%clk 00:45:02]} {[%emt 00:00:14]} Bh2
{[%clk 00:49:26]} {[%emt 00:00:10]} 72. Kc6 {[%clk 00:44:58]} {[%emt 00:00:19]}
Kh6 {[%clk 00:49:33]} {[%emt 00:00:09]} 73. b6 {[%clk 00:44:59]} {[%emt
00:00:14]} Bg3 {[%clk 00:49:41]} {[%emt 00:00:07]} 74. b7 {[%clk 00:44:56]}
{[%emt 00:00:19]} Bh2 {[%clk 00:49:47]} {[%emt 00:00:08]} 75. Kd5 {[%clk
00:43:35]} {[%emt 00:01:35]} Kg5 {[%clk 00:49:45]} {[%emt 00:00:18]} 76. Ke6
{[%clk 00:43:33]} {[%emt 00:00:16]} Bc7 {[%clk 00:49:29]} {[%emt 00:00:31]} 77.
Kf7 {[%clk 00:43:37]} {[%emt 00:00:11]} Be5 {[%clk 00:49:22]} {[%emt 00:00:22]}
78. Kg8 {[%clk 00:43:11]} {[%emt 00:00:42]} Kh6 {[%clk 00:49:23]} {[%emt
00:00:14]} 79. Kf7 {[%clk 00:43:12]} {[%emt 00:00:12]} Kg5 {[%clk 00:49:23]}
{[%emt 00:00:16]} 80. Ke6 {[%clk 00:43:10]} {[%emt 00:00:18]} Bb8 {[%clk
00:49:25]} {[%emt 00:00:13]} 81. Bg4 {[%clk 00:42:51]} {[%emt 00:00:34]} Bc7
{[%clk 00:49:06]} {[%emt 00:00:35]} 82. Kd7 {[%clk 00:42:46]} {[%emt 00:00:19]}
Be5 {[%clk 00:49:08]} {[%emt 00:00:13]} 83. Ke6 {[%clk 00:42:44]} {[%emt
00:00:17]} Bc7 {[%clk 00:49:07]} {[%emt 00:00:17]} 84. Be2 {[%clk 00:42:29]}
{[%emt 00:00:28]} Bb8 {[%clk 00:49:03]} {[%emt 00:00:20]} 85. Kf7 {[%clk
00:42:29]} {[%emt 00:00:15]} Be5 {[%clk 00:49:08]} {[%emt 00:00:11]} 86. Kg8
{[%clk 00:42:32]} {[%emt 00:00:10]} Kh6 {[%clk 00:49:09]} {[%emt 00:00:15]} 87.
Kf7 {[%clk 00:42:26]} {[%emt 00:00:21]} Kg5 {[%clk 00:49:16]} {[%emt 00:00:08]}
88. Ke6 {[%clk 00:41:55]} {[%emt 00:00:45]} Bc7 {[%clk 00:49:23]} {[%emt
00:00:09]} 89. Kd5 {[%clk 00:41:57]} {[%emt 00:00:13]} Kh6 {[%clk 00:49:19]}
{[%emt 00:00:19]} 90. Kc6 {[%clk 00:39:22]} {[%emt 00:02:50]} Be5 {[%clk
00:49:22]} {[%emt 00:00:12]} 91. Kd7 {[%clk 00:39:25]} {[%emt 00:00:12]} Kg5
{[%clk 00:49:29]} {[%emt 00:00:09]} 92. Ke6 {[%clk 00:39:16]} {[%emt 00:00:24]}
Bc7 {[%clk 00:49:33]} {[%emt 00:00:11]} 93. Bg4 {[%clk 00:39:21]} {[%emt
00:00:10]} Bb8 {[%clk 00:49:36]} {[%emt 00:00:12]} 94. Bf3 {[%clk 00:39:16]}
{[%emt 00:00:20]} Bc7 {[%clk 00:49:41]} {[%emt 00:00:10]} 95. Ke7 {[%clk
00:39:07]} {[%emt 00:00:22]} Be5 {[%clk 00:49:45]} {[%emt 00:00:13]} 96. Kf7
{[%clk 00:39:12]} {[%emt 00:00:10]} Kh6 {[%clk 00:49:51]} {[%emt 00:00:09]} 97.
Ke6 {[%clk 00:39:09]} {[%emt 00:00:18]} Bc7 {[%clk 00:49:51]} {[%emt 00:00:14]}
98. Kf5 {[%clk 00:39:17]} {[%emt 00:00:07]} Bb8 {[%clk 00:49:57]} {[%emt
00:00:09]} 99. Kg4 {[%clk 00:39:25]} {[%emt 00:00:07]} Bc7 {[%clk 00:49:59]}
{[%emt 00:00:14]} 100. Be4 {[%clk 00:39:26]} {[%emt 00:00:13]} Bb8 {[%clk
00:49:54]} {[%emt 00:00:20]} 101. Bg6 {[%clk 00:39:26]} {[%emt 00:00:16]} Bc7
{[%clk 00:49:58]} {[%emt 00:00:11]} 102. Be8 {[%clk 00:39:32]} {[%emt
00:00:09]} Bb8 {[%clk 00:50:04]} {[%emt 00:00:09]} 103. Bg6 {[%clk 00:39:38]}
{[%emt 00:00:09]} Bc7 {[%clk 00:50:11]} {[%emt 00:00:08]} 104. Kf5 {[%clk
00:39:41]} {[%emt 00:00:11]} Bb8 {[%clk 00:50:18]} {[%emt 00:00:09]} 105. Ke6
{[%clk 00:39:49]} {[%emt 00:00:07]} Bc7 {[%clk 00:50:26]} {[%emt 00:00:07]}
106. Kd5 {[%clk 00:39:44]} {[%emt 00:00:19]} Bb8 {[%clk 00:50:33]} {[%emt
00:00:08]} 107. Kc6 {[%clk 00:39:44]} {[%emt 00:00:15]} Be5 {[%clk 00:50:40]}
{[%emt 00:00:08]} 108. Kb6 {[%clk 00:39:51]} {[%emt 00:00:08]} Bb8 {[%clk
00:50:45]} {[%emt 00:00:10]} 109. Ka6 {[%clk 00:39:59]} {[%emt 00:00:08]} Bc7
{[%clk 00:50:48]} {[%emt 00:00:12]} 110. Ka7 {[%clk 00:40:07]} {[%emt
00:00:07]} Bd6 {[%clk 00:50:53]} {[%emt 00:00:09]} 111. b8=Q {[%clk 00:40:10]}
{[%emt 00:00:12]} Bxb8+ {[%clk 00:51:00]} {[%emt 00:00:08]} 112. Kxb8 {[%clk
00:40:17]} {[%emt 00:00:09]} Kg7 {[%clk 00:51:06]} {[%emt 00:00:08]} 113. Kc7
{[%clk 00:40:23]} {[%emt 00:00:09]} Kh6 {[%clk 00:51:15]} {[%emt 00:00:06]}
114. Kd6 {[%clk 00:40:33]} {[%emt 00:00:06]} Kg7 {[%clk 00:51:21]} {[%emt
00:00:08]} 115. Ke7 {[%clk 00:40:30]} {[%emt 00:00:18]} Kh8 {[%clk 00:51:12]}
{[%emt 00:00:24]} 116. Kf6 {[%clk 00:40:12]} {[%emt 00:00:32]} Kg8 {[%clk
00:51:18]} {[%emt 00:00:10]} 117. Kg5 {[%clk 00:39:38]} {[%emt 00:00:49]} Kh8
{[%clk 00:51:25]} {[%emt 00:00:08]} 118. Kh6 {[%clk 00:39:40]} {[%emt
00:00:13]} Kg8 {[%clk 00:51:28]} {[%emt 00:00:12]} 119. Be4 {[%clk 00:39:36]}
{[%emt 00:00:19]} Kh8 {[%clk 00:51:32]} {[%emt 00:00:11]} 120. Kg6 {[%clk
00:39:41]} {[%emt 00:00:09]} Kg8 {[%clk 00:51:36]} {[%emt 00:00:13]} 121. h6
{[%clk 00:39:38]} {[%emt 00:00:18]} Kh8 {[%clk 00:51:44]} {[%emt 00:00:07]}
122. Bg2 {[%clk 00:39:43]} {[%emt 00:00:08]} Kg8 {[%clk 00:51:48]} {[%emt
00:00:12]} 123. Bd5+ {[%clk 00:39:47]} {[%emt 00:00:12]} Kh8 {[%clk 00:51:52]}
{[%emt 00:00:10]} 124. Bf3 {[%clk 00:38:48]} {[%emt 00:01:13]} Kg8 {[%clk
00:51:59]} {[%emt 00:00:09]} 125. Be2 {[%clk 00:38:56]} {[%emt 00:00:07]} Kh8
{[%clk 00:52:08]} {[%emt 00:00:07]} 126. Bc4 {[%emt 00:00:14]} 1/2-1/2

[Event "DEM U8w 2025"]
[Site "Willingen GER"]
[Date "2025.06.12"]
[Round "3"]
[White "Lytvynenko, Sofi"]
[Black "Markov, Agnia-Sari"]
[Result "1-0"]
[Termination "normal"]
[Board "2"]
[WhiteElo "1411"]
[BlackElo "920"]
[WhiteClock "00:36:46"]
[BlackClock "00:24:30"]
[PlyCount "77"]
[WhiteFideId "34689761"]
[EventCountry "GER"]
[EventRounds "7"]
[EventType "swiss"]
[EventDate "2025.06.10"]

1. c4 {[%clk 01:00:27]} {[%emt 00:00:02]} e5 {[%clk 01:00:27]} {[%emt
00:00:03]} 2. Nc3 {[%clk 01:00:30]} {[%emt 00:00:12]} Nf6 {[%clk 01:00:33]}
{[%emt 00:00:09]} 3. g3 {[%clk 01:00:33]} {[%emt 00:00:13]} d5 {[%clk
01:00:39]} {[%emt 00:00:09]} 4. cxd5 {[%clk 01:00:28]} {[%emt 00:00:20]} Nxd5
{[%clk 01:00:41]} {[%emt 00:00:12]} 5. Bg2 {[%clk 01:00:22]} {[%emt 00:00:21]}
Nb6 {[%clk 01:00:07]} {[%emt 00:00:48]} 6. Nf3 {[%clk 00:59:28]} {[%emt
00:01:10]} Nc6 {[%clk 00:59:56]} {[%emt 00:00:22]} 7. O-O {[%clk 00:58:50]}
{[%emt 00:00:57]} Be7 {[%clk 00:59:23]} {[%emt 00:00:47]} 8. e4 {[%clk
00:57:57]} {[%emt 00:01:09]} Be6 {[%clk 00:59:02]} {[%emt 00:00:28]} 9. d3
{[%clk 00:57:46]} {[%emt 00:00:35]} O-O {[%clk 00:59:02]} {[%emt 00:00:13]} 10.
Be3 {[%clk 00:56:54]} {[%emt 00:01:08]} Bg4 {[%clk 00:56:29]} {[%emt 00:02:46]}
11. h3 {[%clk 00:55:38]} {[%emt 00:01:33]} Be6 {[%clk 00:55:48]} {[%emt
00:00:54]} 12. Rc1 {[%clk 00:54:43]} {[%emt 00:01:12]} h6 {[%clk 00:54:39]}
{[%emt 00:01:23]} 13. a3 {[%clk 00:53:11]} {[%emt 00:01:48]} Qd7 {[%clk
00:52:30]} {[%emt 00:02:22]} 14. g4 {[%clk 00:50:01]} {[%emt 00:03:27]} Rad8
{[%clk 00:50:54]} {[%emt 00:01:50]} 15. Ne1 {[%clk 00:49:51]} {[%emt 00:00:25]}
Bh4 {[%clk 00:48:54]} {[%emt 00:02:11]} 16. Ne2 {[%clk 00:48:51]} {[%emt
00:01:18]} Qe7 {[%clk 00:47:52]} {[%emt 00:01:19]} 17. Qc2 {[%clk 00:46:51]}
{[%emt 00:02:13]} Rc8 {[%clk 00:44:53]} {[%emt 00:03:08]} 18. Nf3 {[%clk
00:44:39]} {[%emt 00:02:34]} Bf6 {[%clk 00:43:15]} {[%emt 00:01:39]} 19. Rfd1
{[%clk 00:44:33]} {[%emt 00:00:36]} Na5 {[%clk 00:42:51]} {[%emt 00:00:33]} 20.
Qd2 {[%clk 00:44:15]} {[%emt 00:00:38]} Nb3 {[%clk 00:42:30]} {[%emt 00:00:36]}
21. Qc3 {[%clk 00:43:34]} {[%emt 00:00:56]} Nxc1 {[%clk 00:42:14]} {[%emt
00:00:31]} 22. Qxc1 {[%clk 00:42:12]} {[%emt 00:01:38]} Rcd8 {[%clk 00:37:52]}
{[%emt 00:04:32]} 23. Bc5 {[%clk 00:42:14]} {[%emt 00:00:18]} Qe8 {[%clk
00:36:45]} {[%emt 00:01:17]} 24. Bxf8 {[%clk 00:42:20]} {[%emt 00:00:14]} Qxf8
{[%clk 00:36:30]} {[%emt 00:00:30]} 25. Ng3 {[%clk 00:41:48]} {[%emt 00:00:47]}
Bb3 {[%clk 00:35:11]} {[%emt 00:01:29]} 26. Re1 {[%clk 00:39:20]} {[%emt
00:02:47]} Rxd3 {[%clk 00:34:28]} {[%emt 00:00:53]} 27. Qxc7 {[%clk 00:39:13]}
{[%emt 00:00:28]} Rd7 {[%clk 00:33:29]} {[%emt 00:01:04]} 28. Qc3 {[%clk
00:38:42]} {[%emt 00:00:54]} Bc4 {[%clk 00:32:44]} {[%emt 00:00:50]} 29. Qc1
{[%clk 00:38:19]} {[%emt 00:00:50]} Qe7 {[%clk 00:30:37]} {[%emt 00:02:19]} 30.
Rd1 {[%clk 00:37:44]} {[%emt 00:00:51]} Rc7 {[%clk 00:30:11]} {[%emt 00:00:38]}
31. Qd2 {[%clk 00:37:33]} {[%emt 00:00:29]} Rd7 {[%clk 00:29:45]} {[%emt
00:00:43]} 32. Qe1 {[%clk 00:37:33]} {[%emt 00:00:14]} Rxd1 {[%clk 00:29:07]}
{[%emt 00:00:53]} 33. Qxd1 {[%clk 00:37:25]} {[%emt 00:00:24]} Qc5 {[%clk
00:27:16]} {[%emt 00:02:00]} 34. Nf5 {[%clk 00:36:51]} {[%emt 00:00:55]} Bg5
{[%clk 00:25:44]} {[%emt 00:01:47]} 35. Nxg5 {[%clk 00:36:43]} {[%emt
00:00:22]} hxg5 {[%clk 00:25:38]} {[%emt 00:00:17]} 36. Qd8+ {[%clk 00:36:43]}
{[%emt 00:00:20]} Kh7 {[%clk 00:25:09]} {[%emt 00:00:40]} 37. Qxg5 {[%clk
00:36:45]} {[%emt 00:00:16]} g6 {[%clk 00:24:47]} {[%emt 00:00:32]} 38. Qh6+
{[%clk 00:36:35]} {[%emt 00:00:30]} Kg8 {[%clk 00:24:30]} {[%emt 00:00:30]} 39.
Qg7# {[%clk 00:36:46]} {[%emt 00:00:05]} 1-0

[Event "DEM U8w 2025"]
[Site "Willingen GER"]
[Date "2025.06.12"]
[Round "3"]
[White "Dobrynina, Alina"]
[Black "Altshuler, Olena"]
[Result "1-0"]
[Termination "normal"]
[Board "3"]
[WhiteElo "979"]
[BlackElo "848"]
[WhiteClock "00:46:11"]
[BlackClock "00:36:56"]
[PlyCount "51"]
[BlackFideId "533026114"]
[EventCountry "GER"]
[EventRounds "7"]
[EventType "swiss"]
[EventDate "2025.06.10"]

1. e4 {[%clk 01:00:27]} {[%emt 00:00:02]} e5 {[%clk 01:00:14]} {[%emt
00:00:15]} 2. Nf3 {[%clk 01:00:32]} {[%emt 00:00:11]} Nc6 {[%clk 01:00:20]}
{[%emt 00:00:09]} 3. d4 {[%clk 01:00:39]} {[%emt 00:00:09]} exd4 {[%clk
01:00:28]} {[%emt 00:00:07]} 4. Nxd4 {[%clk 01:00:47]} {[%emt 00:00:07]} Bc5
{[%clk 01:00:32]} {[%emt 00:00:11]} 5. Be3 {[%clk 01:00:52]} {[%emt 00:00:08]}
Qf6 {[%clk 01:00:35]} {[%emt 00:00:13]} 6. c3 {[%clk 01:00:56]} {[%emt
00:00:10]} Nge7 {[%clk 01:00:28]} {[%emt 00:00:23]} 7. Bc4 {[%clk 01:00:35]}
{[%emt 00:00:35]} O-O {[%clk 01:00:19]} {[%emt 00:00:25]} 8. O-O {[%clk
01:00:09]} {[%emt 00:00:40]} Rd8 {[%clk 01:00:15]} {[%emt 00:00:20]} 9. Re1
{[%clk 00:58:44]} {[%emt 00:01:38]} d5 {[%clk 01:00:14]} {[%emt 00:00:18]} 10.
Nxc6 {[%clk 00:56:25]} {[%emt 00:02:34]} Qxc6 {[%clk 00:59:57]} {[%emt
00:00:33]} 11. Bg5 {[%clk 00:55:04]} {[%emt 00:01:33]} Be6 {[%clk 00:59:33]}
{[%emt 00:00:42]} 12. exd5 {[%clk 00:52:16]} {[%emt 00:03:01]} Qb6 {[%clk
00:58:35]} {[%emt 00:01:15]} 13. Bh4 {[%clk 00:51:25]} {[%emt 00:01:05]} f6
{[%clk 00:57:14]} {[%emt 00:01:37]} 14. b4 {[%clk 00:50:57]} {[%emt 00:00:42]}
Nxd5 {[%clk 00:45:56]} {[%emt 00:11:33]} 15. bxc5 {[%clk 00:49:58]} {[%emt
00:01:13]} Nxc3 {[%clk 00:45:53]} {[%emt 00:00:19]} 16. Qg4 {[%clk 00:48:32]}
{[%emt 00:02:32]} Bxc4 {[%clk 00:45:15]} {[%emt 00:00:50]} 17. cxb6 {[%clk
00:48:23]} {[%emt 00:00:23]} Bxa2 {[%clk 00:42:30]} {[%emt 00:03:00]} 18. Bxf6
{[%clk 00:48:17]} {[%emt 00:00:20]} Ne2+ {[%clk 00:41:58]} {[%emt 00:00:49]}
19. Kf1 {[%clk 00:47:22]} {[%emt 00:01:07]} g6 {[%clk 00:41:05]} {[%emt
00:01:10]} 20. Bxd8 {[%clk 00:46:53]} {[%emt 00:00:44]} Rxd8 {[%clk 00:40:28]}
{[%emt 00:00:52]} 21. bxc7 {[%clk 00:46:51]} {[%emt 00:00:17]} Ng3+ {[%clk
00:37:29]} {[%emt 00:03:15]} 22. hxg3 {[%clk 00:46:48]} {[%emt 00:00:17]} Bc4+
{[%clk 00:37:22]} {[%emt 00:00:23]} 23. Qxc4+ {[%clk 00:46:32]} {[%emt
00:00:30]} Kf8 {[%clk 00:37:20]} {[%emt 00:00:17]} 24. cxd8=Q+ {[%clk
00:46:28]} {[%emt 00:00:17]} Kg7 {[%clk 00:36:54]} {[%emt 00:00:42]} 25. Re7+
{[%clk 00:46:08]} {[%emt 00:00:36]} Kh6 {[%clk 00:36:56]} {[%emt 00:00:13]} 26.
Qh4# {[%clk 00:46:11]} {[%emt 00:00:11]} 1-0

[Event "DEM U8w 2025"]
[Site "Willingen GER"]
[Date "2025.06.12"]
[Round "3"]
[White "Wranik, Tabea"]
[Black "Schmidt, Neele"]
[Result "0-1"]
[Termination "normal"]
[Board "4"]
[WhiteElo "767"]
[BlackElo "1125"]
[WhiteClock "00:49:26"]
[BlackClock "00:37:10"]
[PlyCount "56"]
[BlackFideId "533025487"]
[EventCountry "GER"]
[EventRounds "7"]
[EventType "swiss"]
[EventDate "2025.06.10"]

1. c4 {[%clk 01:00:24]} {[%emt 00:00:06]} e5 {[%clk 01:00:20]} {[%emt
00:00:10]} 2. Nc3 {[%clk 01:00:27]} {[%emt 00:00:12]} Nf6 {[%clk 00:59:57]}
{[%emt 00:00:38]} 3. d3 {[%clk 01:00:28]} {[%emt 00:00:14]} h6 {[%clk
00:59:36]} {[%emt 00:00:36]} 4. Nf3 {[%clk 01:00:23]} {[%emt 00:00:19]} Nc6
{[%clk 00:59:11]} {[%emt 00:00:41]} 5. g3 {[%clk 00:59:09]} {[%emt 00:01:29]}
Bc5 {[%clk 00:58:36]} {[%emt 00:00:49]} 6. Bg2 {[%clk 00:59:07]} {[%emt
00:00:17]} d6 {[%clk 00:57:14]} {[%emt 00:01:38]} 7. e3 {[%clk 00:58:31]}
{[%emt 00:00:52]} O-O {[%clk 00:56:19]} {[%emt 00:01:10]} 8. d4 {[%clk
00:58:24]} {[%emt 00:00:22]} Bb4 {[%clk 00:53:42]} {[%emt 00:02:51]} 9. Bd2
{[%clk 00:57:49]} {[%emt 00:00:50]} Re8 {[%clk 00:52:25]} {[%emt 00:01:32]} 10.
dxe5 {[%clk 00:57:34]} {[%emt 00:00:29]} dxe5 {[%clk 00:52:14]} {[%emt
00:00:28]} 11. O-O {[%clk 00:56:15]} {[%emt 00:00:26]} Bf5 {[%clk 00:51:38]}
{[%emt 00:02:00]} 12. a3 {[%clk 00:56:08]} {[%emt 00:00:21]} Ba5 {[%clk
00:50:42]} {[%emt 00:01:11]} 13. Qb3 {[%clk 00:55:26]} {[%emt 00:00:57]} Rb8
{[%clk 00:49:02]} {[%emt 00:01:54]} 14. Rad1 {[%clk 00:54:36]} {[%emt
00:01:05]} Qc8 {[%clk 00:46:31]} {[%emt 00:02:46]} 15. Rfe1 {[%clk 00:54:26]}
{[%emt 00:00:24]} Bh3 {[%emt 00:02:20]} 16. Bh1 {[%clk 00:53:56]} {[%emt
00:00:10]} Qe6 {[%clk 00:43:58]} {[%emt 00:01:20]} 17. e4 {[%clk 00:53:15]}
{[%emt 00:00:55]} b5 {[%clk 00:43:27]} {[%emt 00:00:47]} 18. Nxb5 {[%clk
00:52:30]} {[%emt 00:01:00]} a6 {[%clk 00:41:51]} {[%emt 00:01:52]} 19. Bxa5
{[%clk 00:52:30]} {[%emt 00:00:13]} Nxa5 {[%clk 00:41:47]} {[%emt 00:00:20]}
20. Qb4 {[%clk 00:52:24]} {[%emt 00:00:20]} Nxc4 {[%clk 00:40:51]} {[%emt
00:01:11]} 21. b3 {[%clk 00:51:19]} {[%emt 00:01:20]} axb5 {[%clk 00:39:43]}
{[%emt 00:01:24]} 22. bxc4 {[%clk 00:51:08]} {[%emt 00:00:26]} bxc4 {[%clk
00:39:15]} {[%emt 00:00:43]} 23. Qa5 {[%clk 00:50:30]} {[%emt 00:00:46]} Qb6
{[%clk 00:38:25]} {[%emt 00:01:12]} 24. Qc3 {[%clk 00:50:07]} {[%emt 00:00:36]}
Qb3 {[%clk 00:38:01]} {[%emt 00:00:41]} 25. Qxe5 {[%clk 00:49:57]} {[%emt
00:00:24]} Rxe5 {[%clk 00:37:56]} {[%emt 00:00:21]} 26. Nxe5 {[%clk 00:50:01]}
{[%emt 00:00:11]} c3 {[%clk 00:37:32]} {[%emt 00:00:40]} 27. Rb1 {[%clk
00:49:24]} {[%emt 00:00:50]} Qxb1 {[%clk 00:37:07]} {[%emt 00:00:40]} 28. Rxb1
{[%clk 00:49:26]} {[%emt 00:00:13]} Rxb1# {[%clk 00:37:10]} {[%emt 00:00:08]}
0-1